000 00872cab a2200265 4500
001 ABS47539
008 090401t1992 xxu||||| |||| 00| 0 eng d
035 _a(Sirsi) u62435
041 _aeng
100 _aSheard, E.M.
245 _aValuation of contaminated land: current theory and practice
260 _c1992
350 _a0
490 _aJournal of Property Valuation and Investment
_v11(1) Autumn 1992, 17-27(11)
520 _aConsiders suitable methods for carrying out valuations of contaminated land including open market value, depreciated replacement costs and residual valuation.
650 _aCONTAMINATED LAND
650 _aDEPRECIATED REPLACEMENT COST
650 _aOPEN MARKET VALUE
650 _aRESIDUAL VALUE
650 _aVALUATION APPROACH
690 _aLAND
690 _aRATING AND VALUATION
942 _n0
948 _c04/03/1997
999 _c38798
_d38798